• 首页
  • 本馆介绍
  • 公告通知
  • 最新文献
  • 馆藏检索
  • 电子资源
  • 读者导购
  • 参考咨询
  • 我的图书馆
  • 登录
  • 详细信息显示
  • 放入我的书架
  • 预约/预借图书
  • 作者相关作品
  • 分类相关作品
  • 丛书相关作品
  • 出版社相关作品

书目信息

  • 表格格式
  • 工作单格式
  • 卡片格式
题名:
过渡时期的文化选择
    
 
作者: 汝信
分册:  
出版信息: 南宁   广西教育出版社  1997
页数:
开本:
丛书名: 跨世纪学者丛书
单 册:
中图分类: G0
科图分类:
主题词: 文化理论
电子资源:
ISBN: 7-5435-2625-5
000 00525nam0 2200193 450
001 0735257515
005 20070904094737.51
010    @a7-5435-2625-5@d21
100    @a20070904d km y0chiy0120 ea
101 0  @achi
200 1  @a过渡时期的文化选择@Aguo du shi qi de wen hua xuan ze@f汝信@Fru xin
210    @a南宁@c广西教育出版社@d1997
225 2  @a跨世纪学者丛书
410  0 @12001 @a跨世纪学者丛书
606 0  @a文化理论
690    @aG0@v3
701  0 @a汝信@Aru xin
801  0 @aCN@bPFT@c20070904
905    @a213230@dG0@ea1@f1
    
    过渡时期的文化选择/汝信.-南宁:广西教育出版社,1997
    (跨世纪学者丛书)
    
    
    ISBN 7-5435-2625-5:21
    
●
相关链接 在E读中查询图书 在五车中查询图书 在当当中查询图书 在豆瓣中查询图书


正题名:过渡时期的文化选择     索取号:G0/a1         预约/预借

序号 登录号 条形码 馆藏地/架位号 状态 备注
1 7503284   275032849   密集书库-史法系/ [索取号:G0/a1] 在馆    
唐山师范学院图书馆 欢迎您!
大连网信软件有限公司© 版权所有